000
00305nam a2200133Ia 4500
008
230724s1999 xx und d
020
_a
185431736
041
_a
eng
082
_a
915
100
_a
NICHOLSON L.
245
_a
THE RED FORT, DELHI, TRAVEL TO LANDMARK,
260
_c
1999
300
_a
128
999
_c
1173545
_d
1173545